LEADER 01567cam2-2200469---450 001 990000573160203316 005 20180308150858.0 035 $a0057316 035 $aUSA010057316 035 $a(ALEPH)000057316USA01 035 $a0057316 100 $a20010718d1996----km-y0itay50------ba 101 0 $aita 102 $aIT 105 $aa|||b|||001yy 200 1 $aDonna, disciplina, creanza cristiana dal XV al XVII secolo$estudi e testi a stampa$fa cura di Gabriella Zarri 210 $aRoma$cEdizioni di storia e letteratura$d1996 215 $a800 p.$d24 cm 225 2 $aTemi e testi$v36 410 0$1001000292036$12001$aTemi e testi$v, 36 606 0 $aDonne$xPosizione sociale$yItalia$zSec. 15.-17.$xBibliografie$2BNCF 676 $a016.30542 702 1$aZARRI,$bGabriella 801 0$aIT$bsalbc$gISBD 912 $a990000573160203316 951 $aII.1. Coll. 22/ 5(IV A COLL. 38/36)$b132412 L.M.$cII.1. Coll. 951 $aII.1. Coll. 22/ 5a$b1105 CSSM$cII.1. Coll.$d393456 951 $aCC 261.835 DON$b3898 FIL 959 $aBK 969 $aUMA 969 $aFIL 979 $aPATTY$b90$c20010718$lUSA01$h1648 979 $c20020403$lUSA01$h1706 979 $aPATRY$b90$c20040406$lUSA01$h1640 979 $aCOPAT2$b90$c20050601$lUSA01$h1245 979 $c20121027$lUSA01$h1543 979 $c20121027$lUSA01$h1605 979 $c20121027$lUSA01$h1610 979 $aANNAMARIA$b90$c20161223$lUSA01$h1157 996 $aDonna, disciplina, creanza cristiana dal XV al XVII secolo$9482283 997 $aUNISA DEB $aSA0006039 LEADER 01922nam--2200457---450 001 990001254770203316 005 20221207104653.0 035 $a000125477 035 $aUSA01000125477 035 $a(ALEPH)000125477USA01 035 $a000125477 100 $a20031111d1964----km-y0itay0103----ba 101 0 $aita 102 $aIT 105 $aa|||||||001yy 200 1 $aArte neoclassica$eatti del convegno, 12-14 ottobre 1957, San Giorgio maggiore, Venezia 210 $aVenezia [etc.]$cIstituto per la collaborazione culturale$d[1964] 215 $aXIV, 261 p., 41 carte di tav.$cill.$d23 cm 225 2 $aCiviltà veneziana$iStudi$v17 327 $aMario Franz, La fortuna del gusto neoclassico e di Antonio Canova, P.1-28. - Eugenio Battisti, Ragioni politiche e religiose della "Querelle" fra neoclassici e romantici, P. 39-66. - Elena Bassi, Due diari del 1780, P. 29-38. - Ferdinand Boyer, Le bibliographie canovienne en France de 1925 à 1957, P. 81-84. - Raffaele Cumar, Antonio Miari musicista bellunese del primo ottocento, P. 105-113 410 0$12001$aCiviltà veneziana$iStudi$v17 454 1$12001 461 1$1001-------$12001 517 $a<> fortuna del gusto neoclassico e di Antonio Canova 517 $aRagioni politiche e religiose della "Querelle" fra neoclassici e romantici 517 $aDue diari del 1780 517 $a<> bibliographie canovienne en France de 1925 à 1957 517 $aAntonio Miari musicista bellunese del primo ottocento 702 1$aPRAZ,$bMario 702 1 $aBATTISTI,$bEugenio 702 1$aBASSI,$bElena 702 1 $aBOYER,$bFerdinand 702 1 $aCUMAR,$bRaffaele 712 01$aIstituto di storia dell'arte 801 0$aIT$bsalbc$gISBD 912 $a990001254770203316 951 $aXII.2.B. 40(Varie coll 22/17)$b40606 L.M.$cVarie coll 959 $aBK 969 $aUMA 996 $aArte neoclassica$9301286 997 $aUNISA